000 00380nam a2200121 4500
999 _c12346
_d12346
008 190123b ||||| |||| 00| 0 eng d
100 _934860
_aFernandez, Edwin O.
245 _aPriest's lesson: be calm in the face of death/
_cEdwin O. Fernandez
260 _aPhilippines
_bPhilippine Daily Inquirer
_cc2018
300 _apage A4.
650 0 _934861
_aTerrorism.
942 _2ddc
_cPER